<?xml version="1.0" encoding="UTF-8"?>
<collection xmlns="http://www.loc.gov/MARC21/slim">
 <record>
  <leader>01613nam0a2200277   4500</leader>
  <controlfield tag="001">in00000004897</controlfield>
  <controlfield tag="005">20240428110735.4</controlfield>
  <datafield tag="010" ind1=" " ind2=" ">
   <subfield code="a">978-7-5228-0984-7</subfield>
   <subfield code="b">精装</subfield>
   <subfield code="d">CNY168.00</subfield>
  </datafield>
  <datafield tag="035" ind1=" " ind2=" ">
   <subfield code="a">01014519</subfield>
  </datafield>
  <datafield tag="100" ind1=" " ind2=" ">
   <subfield code="a">20231026d2023    em y0chiy50      ea</subfield>
  </datafield>
  <datafield tag="101" ind1="1" ind2=" ">
   <subfield code="a">chi</subfield>
   <subfield code="c">eng</subfield>
  </datafield>
  <datafield tag="102" ind1=" " ind2=" ">
   <subfield code="a">CN</subfield>
   <subfield code="b">110000</subfield>
  </datafield>
  <datafield tag="105" ind1=" " ind2=" ">
   <subfield code="a">ab  z   001yy</subfield>
  </datafield>
  <datafield tag="106" ind1=" " ind2=" ">
   <subfield code="a">r</subfield>
  </datafield>
  <datafield tag="200" ind1="1" ind2=" ">
   <subfield code="a">会战成瘾</subfield>
   <subfield code="9">hui zhan cheng yin</subfield>
   <subfield code="e">军事史上的野心陷阱</subfield>
   <subfield code="d">The allure of battle</subfield>
   <subfield code="e">a history of how wars have been won and lost</subfield>
   <subfield code="f">(美)卡塔尔·诺兰(Cathal J. Nolan)著</subfield>
   <subfield code="g">丘梦晨译</subfield>
   <subfield code="z">eng</subfield>
  </datafield>
  <datafield tag="210" ind1=" " ind2=" ">
   <subfield code="a">北京</subfield>
   <subfield code="c">社会科学文献出版社·联合出版中心</subfield>
   <subfield code="d">2023</subfield>
  </datafield>
  <datafield tag="215" ind1=" " ind2=" ">
   <subfield code="a">965页</subfield>
   <subfield code="c">照片,地图</subfield>
   <subfield code="d">21cm</subfield>
  </datafield>
  <datafield tag="300" ind1=" " ind2=" ">
   <subfield code="a">索·恩历史图书馆 012 索·恩</subfield>
  </datafield>
  <datafield tag="330" ind1=" " ind2=" ">
   <subfield code="a">本书再现并分析了大国之间的主要战局,追述了“短战思维”的由来与发展。作者认为重大战争的胜利通常是由其他方式决定的,即使是最具传奇色彩的一边倒的会战,也不一定能决定战争的结果。此外,作者还对军事“天才”这一古老的概念提出挑战——即便这一称号的主人是亚历山大、腓特烈、拿破仑这样的伟大将领——描述了人类社会走入全面战争的过程。</subfield>
  </datafield>
  <datafield tag="510" ind1="1" ind2=" ">
   <subfield code="a">Allure of battle</subfield>
   <subfield code="e">a history of how wars have been won and lost</subfield>
   <subfield code="z">eng</subfield>
  </datafield>
  <datafield tag="517" ind1="1" ind2=" ">
   <subfield code="a">军事史上的野心陷阱</subfield>
   <subfield code="9">jun shi shi shang de ye xin xian jing</subfield>
  </datafield>
  <datafield tag="606" ind1="0" ind2=" ">
   <subfield code="a">战争史</subfield>
   <subfield code="y">世界</subfield>
  </datafield>
  <datafield tag="690" ind1=" " ind2=" ">
   <subfield code="a">E19</subfield>
   <subfield code="v">5</subfield>
  </datafield>
  <datafield tag="701" ind1=" " ind2="1">
   <subfield code="c">(美)</subfield>
   <subfield code="a">诺兰</subfield>
   <subfield code="9">nuo lan</subfield>
   <subfield code="g">(Nolan, Cathal J.)</subfield>
   <subfield code="4">著</subfield>
  </datafield>
  <datafield tag="702" ind1=" " ind2="0">
   <subfield code="a">丘梦晨</subfield>
   <subfield code="9">qiu meng chen</subfield>
   <subfield code="4">译</subfield>
  </datafield>
  <datafield tag="999" ind1="f" ind2="f">
   <subfield code="s">b6a34497-4ead-497c-81a4-cc9eaf8138b7</subfield>
   <subfield code="i">6547da33-fd83-4f71-866e-ba42b094dc37</subfield>
  </datafield>
 </record>
</collection>
